Del cuento al relato hâibrido : (رقم التسجيلة. 134228)

تفاصيل مارك
000 -LEADER
fixed length control field 00947cam a22002654a 4500
008 - FIXED-LENGTH DATA ELEMENTS--GENERAL INFORMATION
fixed length control field 090128s2008 sp a b 000 0 spa
010 ## - LIBRARY OF CONGRESS CONTROL NUMBER
LC control number 2009471294
020 ## - INTERNATIONAL STANDARD BOOK NUMBER
International Standard Book Number 9788484894209
040 ## - CATALOGING SOURCE
Original cataloging agency DLC
Transcribing agency DLC
050 00 - LIBRARY OF CONGRESS CALL NUMBER
Classification number PQ6605.E44
Item number R56 2008
092 04 - LOCALLY ASSIGNED DEWEY CALL NUMBER (OCLC)
Classification number 863.64 C392r
Edition number 21
099 ## - LOCAL FREE-TEXT CALL NUMBER (OCLC)
Classification number 04
-- 863.64 C392r
100 1# - MAIN ENTRY--PERSONAL NAME
Personal name Rodiek, Christoph.
245 10 - TITLE STATEMENT
Title Del cuento al relato hâibrido :
Remainder of title en torno a la narrativa breve de Camilo Jose Cela /
Statement of responsibility, etc. Christoph Rodiek.
260 ## - PUBLICATION, DISTRIBUTION, ETC.
Place of publication, distribution, etc. Madrid :
Name of publisher, distributor, etc. Iberoamericana ;
Place of publication, distribution, etc. Frankfurt am Main :
Name of publisher, distributor, etc. Vervuert,
Date of publication, distribution, etc. 2008.
300 ## - PHYSICAL DESCRIPTION
Extent 171 p. :
Other physical details ill. ;
Dimensions 23 cm.
490 0# - SERIES STATEMENT
Series statement Historia y crâitica de la literatura ;
Volume/sequential designation 42
504 ## - BIBLIOGRAPHY, ETC. NOTE
Bibliography, etc. note Includes bibliographical references (p. [153]-161).
600 10 - SUBJECT ADDED ENTRY--PERSONAL NAME
Personal name Cela, Camilo Jose,
Dates associated with a name 1916-2002
General subdivision Criticism and interpretation.
902 ## - LOCAL DATA ELEMENT B, LDB (RLIN)
No. of Items 1
905 ## - LOCAL DATA ELEMENT E, LDE (RLIN)
Cataloger Jamal
Reviser Rev.
905 ## - LOCAL DATA ELEMENT E, LDE (RLIN)
Cataloger Jihan
Reviser Cat.
942 ## - ADDED ENTRY ELEMENTS (KOHA)
Source of classification or shelving scheme Dewey Decimal Classification
Koha item type Books
المقتنيات
Source of classification or shelving scheme Not for loan Home library Current library Date acquired Full call number Barcode Date last seen Copy number Koha item type
Dewey Decimal Classification   المكتبة المركزبة الجديدة - جامعة القاهرة قاعة الثقاقات الاجنبية - الدور الثالث 11.02.2024 863.64 C392r Spa. 01000116004590000 05.07.2024 C.1 Books
Cairo University Libraries Portal Implemented & Customized by: Eng. M. Mohamady Contacts: new-lib@cl.cu.edu.eg | cnul@cl.cu.edu.eg
CUCL logo CNUL logo
© All rights reserved — Cairo University Libraries
CUCL logo
Implemented & Customized by: Eng. M. Mohamady Contact: new-lib@cl.cu.edu.eg © All rights reserved — New Central Library
CNUL logo
Implemented & Customized by: Eng. M. Mohamady Contact: cnul@cl.cu.edu.eg © All rights reserved — Cairo National University Library